000 00582nam a2200217Ia 4500
003 OSt
005 20250916150033.0
008 210719s1977 xx 000 0 und d
040 _cAL
041 _atulu
082 _aT894.2 RAVI
100 _aRAV (P S)
_dರಾವ್ (ಪಿ ಎಸ್)
_9238842
245 _aInchanda encha?
_bಇಂಚಾಂಡ ಎಂಚ?
260 _aMangaluru
_bSahodara Kala Vranda
_c1977
300 _a53
_bPB
365 _b2.5
_cRs
650 _aEnchanda
_9238843
650 _aTulu Drama
_9238843
906 _aencha? ; Inchanda
942 _2ddc
_cBK
999 _c214652
_d214652